000 00687nam a2200229 a 4500
001 37298
005 20180714010200.0
008 140415s1992 mx 000 0 spa d
020 _a9687270896
041 _aspa
082 _a658.008
_bHIC
100 1 _aHICKS, ROBERT
245 1 0 _aGRUPOS DE TRABAJO AUTODIRIGIDOS :
_bGUIA PARA FORMAR Y CONSERVAR GRUPOS DE TRABAJO CON AUTODIRECCION
250 _a1a ed.
260 _aMEXICO :
_bGRUPO EDITORIAL IBEROAMERICA,
_c1992
300 _a91
490 _aSERIE CINCUENTA MINUTOS
650 1 4 _aRECURSOS HUMANOS
700 1 _aG. TEJERA, HECTOR
_etr.
740 _aSELF MANAGING TEAMS
700 1 _aBone, Diane,
_ecoaut.
999 _c37298
_d37298